000 00695nam a2200265Ia 4500
005 20260302114522.0
008 008 260114s9999 xx 000 0 eng d
020 _a9781666985054
037 _aTextbook
040 _aCRL
040 _beng
040 _cCRL
041 _2eng
041 _aeng
084 _qCRL
100 _aJohn Hadley
_91075535
245 0 _aAnimal Property Rights A Theory of Habitat Rights for Wild Animals
260 _bBloomsbury
260 _bLexington Books
260 _c2015
650 _aPhilosophy
856 _uhttps://doi.org/10.5040/9781666985054?locatt=label:secondary_bloomsburyCollections
942 _cEBOOK
999 _c1682845
_d1682845